| 000 | 00852cam a22002898i 4500 | ||
|---|---|---|---|
| 999 |
_c57488 _d57488 |
||
| 001 | 18920681 | ||
| 005 | 20221107105157.0 | ||
| 008 | 151228s2016 nyu bf 001 0 eng | ||
| 020 | _a9781626232419 1 | ||
| 020 | _z9781626232426 (e-book) 1 | ||
| 020 | _z9781626232419 1 | ||
| 041 | _aeng | ||
| 042 | _apcc | ||
| 080 | _a616.8(075.8) G-80 | ||
| 100 | 1 |
_aGreenberg, Mark S., _cM.D., _eauthor. _98818 |
|
| 245 | 1 | 0 |
_aHandbook of neurosurgery / _cMark S. Greenberg. |
| 250 | _aEighth edition. | ||
| 263 | _a1603 | ||
| 264 | 1 |
_aNew York : _bThieme, _c[2016] |
|
| 300 |
_ap. ; _ccm. |
||
| 338 |
_avolume _2rdacarrier |
||
| 650 | 2 | 2 |
_aNeurosurgical Procedures _98761 |
| 653 | _aნეიროქირურგია | ||
| 653 | _aმედიცინა | ||
| 906 |
_a7 _brix _corignew _d1 _eecip _f20 _gy-gencatlg |
||
| 942 |
_2udc _cBK |
||